000
00443nam a2200169Ia 4500
008
090711s9999 xx 000 0 und d
082
_b
66371
100
_a
भोगले प्रभाकर
245
_a
सुमा
260
_c
1985
300
_a
319
600
_a
भोगले प्रभाकर
630
_a
सुमा
700
_a
भोगले प्रभाकर
730
_a
सुमा
942
_c
BOOK
999
_c
300889
_d
300889